LEADER 01067nas a2200265 u 4500 001 000000025277 003 CaOOAMICUS 005 20130604124324.0 008 950109u19539999it qr p u0 u ita u 035 $a10648232 040 $aBAV$bita$dPUL 130 0 $aRivista Biblica$g[Spogli].$0(OLS)http://pul/title/34837 245 10$aRivista Biblica. 260 $aRoma ;$aFirenze :$b[Libreria Editrice Fiorentina],$c1953- 300 $av. ;$c24 cm 310 $aTrimestrale 362 0 $aAnno 1, Gennaio-Marzo 1953, fasc. 1 500 $aOrgano dell'Associazione biblica italiana. 500 $aIl luogo di edizione e l'editore cambiano. 630 04$aBiblia$xPeriodici.$0(OLS)http://pul/subject/14065 850 $aPUL 852 $aPUL$W1$xSL Riviste Correnti$y14$m3-224/SL220.05Riv.4/DP1344.F$j35382$nSE-PRI$bV.1 (1953)-v.3 (1955), v.5 (1957)-$qPeriodici$B35382$CPULBib$Z2$F35382 $82 941 1 $a5 996 $6245$aRivista Biblica$9(OLS)http://pul/title/34838 996 $6260$aRoma ;$aFirenze :$b[Libreria Editrice Fiorentina]$9(OLS)http://pul/publisher/58828 LEADER 01386nam a2200289 a 4500 001 000000143744 003 CaOOAMICUS 005 20150603102625.0 008 150603s1951 it af u000 u ita r 040 $aPUL$bita 082 04$a226.5 100 1 $aFlorit, Ermenegildo,$ccard.,$d1901-1985.$0(OLS)http://pul/name/703 245 10$aParlano anche i papiri :$ble più recenti conferme sull'autenticità del IV Vangelo /$cErmenegildo Florit. 250 $a3. ed. 260 $aRoma :$b[s.n.],$c1951$eRoma :$fScuola Tipografica Pio X 300 $a41 p., [2] c. di tav. :$bill. ;$c22 cm 490 1 $aFacoltà Teologica del Pontificio Ateneo Lateranese. Opuscoli biblici ;$v01 504 $aBibliografia p. [39]-41. 630 04$aBiblia.$pN.T.$pIohannes$xCritica e interpretazione.$0(OLS)http://pul/subject/37920 830 0$aOpuscoli biblici (Facoltà Teologica del Pontificio Ateneo Lateranese) ;$v01.$0(OLS)http://pul/title/42017 850 $aPUL 852 $aPUL$W1$xDP2 Religione 3$y114$m226. 5 FLOER 1$j165843$qDDC 21$B166216$CPULBib$Z2$F166216 $H125960 $82 941 1 $a9 996 $6082$a226.5$9(OLS)http://pul/classification/641 996 $6245$aParlano anche i papiri :$ble più recenti conferme sull'autenticità del IV Vangelo$9(OLS)http://pul/title/181850 996 $6260$aRoma :$b[s.n.]$9(OLS)http://pul/publisher/47958